00334pab a2200121 454500008004000000100002600040245004800066260000900114300001300123362000800136650001500144773005300159180718b2009 xxu||||| |||| 00| 0 eng d aBhattarai, Prakash C. aCountering corruption: globally or locally? c2009 ap.86-95. aJun aCorruption aNepalese Journal of Public Policy and Governance